Στοχαστικές ανελίξεις : θεωρία & εφαρμογές

Αποθηκεύτηκε σε:
Λεπτομέρειες βιβλιογραφικής εγγραφής
Κύριος συγγραφέας: Δάρας, Τρύφων Ι.
Άλλοι συγγραφείς: Σύψας, Παναγιώτης Θ.
Μορφή: Βιβλίο
Γλώσσα:Greek
Δημοσίευση: θεσσαλονίκη : Ζήτη, 2003.
Θέματα:
Ετικέτες: Προσθήκη ετικέτας
Δεν υπάρχουν, Καταχωρήστε ετικέτα πρώτοι!

MARC

LEADER 00000cam a2200000 i 4500
001 1/52643
008 070827s2003 gr | ||| |||| ||gre||
020 |a 9604318683 
035 |l 10090060 
040 |a GR-MyUA  |b gre  |e AACR2 
041 0 |a gre 
082 0 |a 519.233  |2 (22) 
100 1 |a Δάρας, Τρύφων Ι. 
245 1 0 |a Στοχαστικές ανελίξεις :   |b θεωρία & εφαρμογές /   |c Τρύφων Ι. Δάρας, Παναγιώτης θ. Σύψας.  
260 |a θεσσαλονίκη :   |b Ζήτη,   |c 2003.  
300 |a 324 σ. ;   |c 24 εκ.  
504 |a Βιβλιογραφία : σ. 319-320. Ευρετήριο.  
650 0 0 |a Stochastic processes. 
650 0 |a Markov processes. 
700 1 |a Σύψας, Παναγιώτης Θ. 
852 |a INST  |b CHIOS  |e 20070827  |h 519.2 ΔΑΡ  |p 005200026015  |q 005200026015  |t BK  |y 0 
852 |a INST  |b SAMOS  |e 20090515  |h 519.233 ΔΑΡ  |p 005300028764  |q 005300028764  |t BK  |y 23 
852 |a INST  |b SAMOS  |e 20100721  |h 519.233 ΔΑΡ  |p 005300031426  |q 005300031426  |t BK  |y 0 
852 |a INST  |b SAMOS  |e 20100721  |h 519.233 ΔΑΡ  |p 005300031427  |q 005300046150  |t BK  |y 0 
852 |a INST  |b SAMOS  |c EUDOXUS  |e 20130227  |h 519.233 ΔΑΡ  |p 005300033255  |q 005300033255  |t EDX  |y 0 
852 |a INST  |b SAMOS  |c EUDOXUS  |e 20130227  |h 519.233 ΔΑΡ  |p 005300033256  |q 005300033256  |t EDX  |y 0 
852 |a INST  |b SAMOS  |c EUDOXUS  |e 20130227  |h 519.233 ΔΑΡ  |p 005300033257  |q 005300033257  |t EDX  |y 0 
852 |a INST  |b SAMOS  |c EUDOXUS  |e 20110315  |h 519.233 ΔΑΡ  |p 005300040045  |q 005300040045  |t EDX  |y 0 
852 |a INST  |b SAMOS  |c EUDOXUS  |e 20130717  |h 519.233 ΔΑΡ  |p 005300040230  |q 005300040230  |t EDX  |y 0 
852 |a INST  |b SAMOS  |c EUDOXUS  |e 20130717  |h 519.233 ΔΑΡ  |p 005300040231  |q 005300040231  |t EDX  |y 0 
901 |a BIBL3-2013-2 
901 |a BIBL3-2013-1 
901 |a BIBL3-2011-1 
901 |a BIBL3-2010-2 
901 |a BIBL3-2009-2 
901 |a BIBL2-2007-2 
909 |a Σ  |b 178544 
909 |a Σ  |b 178543 
909 |a Σ  |b 172637 
909 |a Σ  |b 172638 
909 |a Σ  |b 172639 
909 |a Σ  |b 167009 
909 |a Σ  |b 165923 
909 |a Σ  |b 165924 
909 |a Σ  |b 157892 
909 |a Χ  |b 136369 
920 |a ΕΥΔΟΞΟΣ  |b ΠΑΡΑΓΓΕΛΙΑ  |y Σάμος-ΤΣΑΧΜ  |z 2013-5 
920 |a ΕΥΔΟΞΟΣ  |b ΠΑΡΑΓΓΕΛΙΑ  |y Σάμος-ΤΣΑΧΜ  |z 2013-02 
920 |a ΕΥΔΟΞΟΣ  |b ΠΑΡΑΓΓΕΛΙΑ  |y Σάμος-ΤΜΠΕΣ  |z 2013-02 
920 |a ΕΥΔΟΞΟΣ  |b ΕΠΙΣΤΡΟΦΗ  |y Σάμος  |z 2011-03 
922 |a 2ΕΛΗ  |b 200707  |c ΕΠΕΑΕΚ2/ΤΜΟΔ  |d Σ. ΠΑΤΑΚΗΣ 
970 |a ΒΑΡΦΗΣ  |b ΒΑΓΓΕΛΗΣ  |z 2007/08/27